|
|
|
|
| LEADER |
00000nam a22000007a 4500 |
| 005 |
20130430154058.0 |
| 007 |
cr|||| |||| |
| 008 |
130430e2012 it |||||s|||| 00||0 ita d |
| 020 |
|
|
|a 9788866111627
|
| 035 |
|
|
|a 11196
|
| 040 |
|
|
|a vLex
|
| 090 |
|
|
|c 4227
|d 4227
|
| 100 |
1 |
0 |
|a Violante, Umberto
|
| 245 |
1 |
0 |
|a Profili giuridici del mercato dei crediti in sofferenza
|c / Umberto Violante
|h [Recurso electrn̤ico]
|
| 256 |
|
|
|a Servicio en ln̕ea
|
| 260 |
|
|
|a Bari :
|b Cacucci Editore,
|c 2012
|
| 300 |
|
|
|a 1 Recurso electrn̤ico
|
| 506 |
|
|
|d vLex Global
|d vLex Global (Academic Edition, excluding Law Schools)
|d vLex Global (U.S. Academic Edition, Law Schools)
|d vLex Global (U.S. Academic Edition, excluding Law Schools)
|d vLex Global (Academic Edition, Law Schools)
|
| 650 |
0 |
4 |
|a Derecho mercantil y de la empresa
|z Italia
|
| 650 |
0 |
4 |
|a Crďito
|x Derecho
|z Italia
|
| 740 |
|
|
|a vLex Libros (Servicio en ln̕ea)
|
| 856 |
|
|
|a Acceso restringido
|u http://www.vlex.com/source/11196
|
| 942 |
|
|
|c BOOK
|